[Event "Pardubice KB op"]
[Site "Pardubice"]
[Date "2000.07.23"]
[Round "3"]
[White "Gurevich, Mikhail"]
[Black "Panchenko, Alexander N"]
[Result "1-0"]
[WhiteElo "2667"]
[BlackElo "2384"]
[Annotator "Gurevich,M"]
[PlyCount "137"]
[EventDate "2000.07.21"]
[EventType "swiss"]
[EventRounds "9"]
[EventCountry "CZE"]
[SourceTitle "EXT 2001"]
[Source "ChessBase"]
[SourceDate "2000.11.22"]
[SourceVersion "1"]
[SourceVersionDate "2000.11.22"]
[SourceQuality "1"]

1. c4 Nf6 2. Nf3 e6 3. d4 d5 4. Bg5 Nbd7 5. Nc3 c6 6. e3 Qa5 7. cxd5 Nxd5 8.
Qd2 N7b6 9. a3 Nxc3 10. Qxc3 Qxc3+ 11. bxc3 f6 12. Bh4 Bd7 13. a4 c5 14. Bb5
cxd4 15. exd4 Rc8 16. Kd2 Nc4+ 17. Kd3 Nb2+ 18. Kc2 Nc4 19. Rhe1 Na3+ 20. Kb3
Bxb5 21. axb5 Kd7 22. c4 Nxc4 23. Rxa7 Nd6 24. Bg3 Nxb5 25. Rxb7+ Kc6 26. Rf7
Kd5 27. Rd7+ Bd6 28. Bxd6 Nxd6 29. Ra1 Rc6 30. Ra5+ Ke4 31. Rc5 Rb8+ 32. Kc3
Nb5+ 33. Kd2 Ra6 34. Rxg7 (34. Ng5+ $3 $18 {FRITZ} fxg5 (34... Kf4 35. Nh3+ Kg4
36. Rxg7+ Kh4 37. Rxh7+ Kg4 38. f3#) 35. f3+ Kf4 36. Rf7#) 34... Ra2+ 35. Rc2
Rxc2+ 36. Kxc2 Na3+ 37. Kc3 Nb1+ 38. Kc2 Na3+ 39. Kc3 Nb1+ 40. Kc4 Rb2 41. Rg4+
$1 Kf5 42. h3 {/\43.Nh4} e5 {[]} 43. d5 e4 44. Nd4+ Ke5 45. Kc5 $1 $16 Nc3 (
45... Rxf2 $4 46. Nc6+ Kf5 47. Kd6 e3 48. Ne7#) 46. Nc6+ Kf5 47. Ne7+ Ke5 48.
Nc6+ Kf5 49. Nd4+ Ke5 50. f4+ $1 exf3 51. Nc6+ Kf5 52. Nd4+ Ke5 53. Nxf3+ Kf5
54. Nd4+ Ke5 55. Nc6+ Kf5 56. Ne7+ Ke5 57. Nc6+ Kf5 58. Nd4+ (58. Ne7+ Ke5 59.
Nc6+ Kf5 60. Nd4+ Ke5 61. Nf3+ Kf5 62. d6 Ne4+ 63. Kc6 Rc2+ 64. Kb6 (64. Kd7
Nc5+ 65. Ke7 Re2+ 66. Kf7 Ra2 67. Rc4 Ra7+ 68. Kg8 $16) 64... Rb2+ 65. Kc7 Rc2+
66. Kd8 Ra2 67. d7 h5 68. Rxe4 $1 Kxe4 69. Ke7 (69. Ke8 Rxg2 70. Kf7 (70. d8=Q
Rg8+) 70... Kxf3 71. d8=Q Kg3 72. Qd3+ Kh4 73. Kxf6 Rg3 $18) 69... Rxg2 70.
d8=Q Kxf3 71. Qd5+) 58... Ke5 59. Nf3+ Kf5 60. d6 Ne4+ 61. Kc6 Rc2+ 62. Kb6
Rb2+ 63. Kc7 Rc2+ 64. Kd8 Ra2 65. d7 h5 66. Rxe4 Kxe4 67. Ke7 Rxg2 68. d8=Q
Kxf3 69. Qd5+ 1-0

[Event "WchT 3rd"]
[Site "Luzern"]
[Date "1993.??.??"]
[Round "5.1"]
[White "Kramnik, Vladimir"]
[Black "Ivanchuk, Vassily"]
[Result "1/2-1/2"]
[WhiteElo "2710"]
[BlackElo "2705"]
[Annotator "Hansen,LB"]
[PlyCount "38"]
[EventDate "1993.10.24"]
[EventType "team-tourn"]
[EventRounds "9"]
[EventCountry "SUI"]
[SourceTitle "CBM 038"]
[Source "ChessBase"]
[SourceDate "1994.02.01"]
[SourceVersion "1"]
[SourceVersionDate "1994.02.01"]
[SourceQuality "1"]
[WhiteTeam "Russia"]
[BlackTeam "Ukraine"]
[WhiteTeamCountry "RUS"]
[BlackTeamCountry "UKR"]

1. Nf3 {Ftacnik} d5 2. d4 Nf6 3. c4 e6 4. Nc3 Nbd7 5. Bg5 c6 6. e3 Qa5 7. Nd2
Bb4 8. Qc2 O-O (8... e5 $5 9. Nb3 (9. dxe5 $5 Ne4 10. Ndxe4 dxe4 11. O-O-O $1
f6 $5 12. exf6 $1 Qxg5 13. Nxe4 $36 {Lutz,C-Gurevich,M/Munchen/1993/}) 9... Qc7
(9... Qa4 $5 10. cxd5 exd4 11. dxc6 $6 dxc3 12. cxd7+ Bxd7 13. bxc3 Qc6 $1 $17
{Yusupov,A-Kamsky,G/Tilburg rapid/1992/}) 10. Be2 dxc4 11. Bxc4 O-O 12. O-O Bd6
13. h3 Re8 $6 (13... a6 $5 {/\ b5,Bb7 Kramnik}) 14. Rad1 exd4 15. Nxd4 Be5 16.
f4 $1 Bxd4 17. Rxd4 $1 Rxe3 18. Rfd1 $16 {Kramnik,V-Kamsky,G/Linares/1993/}) (
8... e5 {Ftacnik}) 9. Be2 (9. Nb3 Qa4 10. cxd5 Bxc3+ $1 11. bxc3 cxd5 12. Bd3
b6 13. Bxf6 Nxf6 14. c4 dxc4 15. Qxc4 Qxc4 16. Bxc4 {1/2-1/2;Mikhalchishin,
A-Akopian,V/Lvov zt/1990/}) 9... c5 $5 (9... e5) 10. O-O cxd4 11. exd4 $146 (
11. Nb3 Qd8 (11... Qb6 12. Nxd4 (12. exd4 {Ftacnik} dxc4 13. Bxc4 Bxc3 14. bxc3
Qc7 15. Qe2 b6 16. Rac1 Bb7 17. Bd3 Rfe8 18. c4 e5 19. d5 Qd6 20. Rfe1 {
0,5/Bass,L-Lein,A/New York/1983/}) 12... dxc4 13. Bh4 Bxc3 14. Qxc3 Nd5 15. Qc2
Ne5 16. Bg3 Nb4 17. Qc3 Nd5 18. Qc1 Nc6 19. Nxc6 Qxc6 20. Qxc4 Qxc4 21. Bxc4
$14 {^^ Alonso,R-Fuentes,M/Holguin/1991/}) 12. Nxd4 dxc4 13. Ne4 (13. Bxc4 Qa5
14. Ncb5 a6 15. Nb3 Qb6 16. N5d4 Ne5 $10 {Bouwmeester,H-Bergraser/corr.1986/})
13... Be7 14. Bxc4 Nxe4 15. Bxe7 Qxe7 16. Qxe4 Nf6 17. Qe5 Qb4 18. Qb5 Qxb5 19.
Bxb5 a6 20. Be2 Bd7 {1/2-1/2;Cramling,P-Hansen,LB/Rilton Cup/1993-94/}) 11...
dxc4 12. Bh4 (12. Bxf6 {Ftacnik} Nxf6 13. Nxc4 Qc7 $10) 12... Nb6 $1 13. Nxc4
Nxc4 14. Bxc4 Bd7 $10 15. Bxf6 gxf6 16. d5 $8 Bxc3 17. dxe6 Bxe6 $1 (17... fxe6
{Ftacnik} 18. bxc3 $14) 18. Bxe6 fxe6 (18... Be5 {Ftacnik} 19. Bf5 $16) 19.
bxc3 Rac8 1/2-1/2

[Event "EU-chT (Men) 13th"]
[Site "Leon"]
[Date "2001.11.06"]
[Round "1.4"]
[White "Lopez Martinez, Josep Manuel"]
[Black "Fressinet, Laurent"]
[Result "0-1"]
[WhiteElo "2474"]
[BlackElo "2588"]
[Annotator "Hecht,H"]
[PlyCount "80"]
[EventDate "2001.11.06"]
[EventType "team-swiss"]
[EventRounds "9"]
[EventCountry "ESP"]
[SourceTitle "CBM 086"]
[Source "ChessBase"]
[SourceDate "2002.02.05"]
[SourceVersion "1"]
[SourceVersionDate "2002.02.05"]
[SourceQuality "1"]
[WhiteTeam "Spain II"]
[BlackTeam "France"]
[WhiteTeamCountry "ESP"]
[BlackTeamCountry "FRA"]

1. d4 d5 2. c4 c6 3. Nf3 Nf6 4. Nc3 e6 5. Bg5 Nbd7 6. e3 Qa5 7. Nd2 Bb4 8. Qc2
O-O 9. Bh4 c5 10. dxc5 dxc4 11. Rc1 Nd5 12. Bxc4 Nxc3 13. bxc3 Bxc5 14. Bd3 h6
15. O-O Qc7 16. Nc4 b6 17. Bg3 e5 18. Rfd1 Re8 19. Bh7+ Kh8 20. Be4 Rb8 21. Qd3
Nf8 22. Nd6 Bxd6 23. Qxd6 Qxd6 24. Rxd6 Bb7 25. Bxb7 Rxb7 26. Rcd1 f6 27. f4
Ng6 28. Rd7 Rxd7 29. Rxd7 exf4 30. exf4 Re7 31. Rd8+ Kh7 32. f5 Ne5 33. Rd4 Kg8
34. Ra4 Kf7 35. Kf2 Rc7 36. Bxe5 fxe5 {[#] Der Randturm - Taktik} 37. g4 Kf6
38. Kg2 a5 39. Ra3 (39. c4 h5 40. h3 hxg4 41. hxg4 Kg5 42. Kf3 Rc5 43. Kg3 e4
$19) 39... Rc4 40. h3 (40. Rb3 Rxg4+ 41. Kf2 Rc4 42. Rxb6+ Kxf5 43. Rb5 Rxc3
44. Rxa5 Kf4 $19) 40... a4 $1 {Klaustrophobie} 0-1

[Event "Serbian-ch 29th"]
[Site "Sabac"]
[Date "1998.05.02"]
[Round "13"]
[White "Antic, Dejan"]
[Black "Simic, Radoslav"]
[Result "1-0"]
[WhiteElo "2460"]
[BlackElo "2435"]
[Annotator "Huebner,R"]
[PlyCount "57"]
[EventDate "1998.04.20"]
[EventType "tourn"]
[EventRounds "13"]
[EventCountry "YUG"]
[EventCategory "9"]
[SourceTitle "CBM 065"]
[Source "ChessBase"]
[SourceDate "1998.08.06"]
[SourceVersion "1"]
[SourceVersionDate "1998.08.06"]
[SourceQuality "1"]

1. d4 d5 2. c4 c6 3. Nf3 Nf6 4. Nc3 a6 5. Bg5 Nbd7 6. e3 e6 7. Be2 Be7 8. O-O
O-O 9. a3 b5 10. c5 Bb7 11. Qc2 Nh5 12. Bxe7 Qxe7 13. b4 g6 14. a4 f6 15. axb5
axb5 16. Rxa8 Rxa8 17. Qb2 Ng7 18. Ra1 Ne8 19. Rxa8 Bxa8 20. Qa3 Nc7 21. Qa5
Qd8 $2 {Dies verliert auf der Stelle.} ({Nach} 21... Nf8 {nebst De7-d7 (um
Opfer auf b5 möglichst zu erschweren, gefolgt von La8-b7-c8 falls möglich)
hätte Weiß einen langwierigen Belagerungskrieg durchführen müssen, ohne daß
der volle Erfolg garantiert werden könnte.}) (21... Nb8 {ist riskant, weil
Weiß mit h2-h4 nebst Le2-d3 usw. den entblößten Königsflügel des Schwarzen
angreifen kann.}) 22. Bxb5 Qc8 (22... cxb5 23. Nxb5 Bc6 24. Qxc7 $18) 23. Be2
Bb7 24. Nd2 e5 25. Nb3 h5 26. Qa7 Qa8 27. Qxa8+ Bxa8 28. Na4 Kf7 29. Nb6 1-0

[Event "Jakarta Gunadarma"]
[Site "Jakarta"]
[Date "1996.??.??"]
[Round "2"]
[White "Gunawan, Ruben"]
[Black "Portisch, Lajos"]
[Result "0-1"]
[WhiteElo "2425"]
[BlackElo "2600"]
[Annotator "Jacoby,G"]
[PlyCount "81"]
[EventDate "1996.10.15"]
[EventType "tourn"]
[EventRounds "9"]
[EventCountry "INA"]
[EventCategory "13"]
[SourceTitle "CBM 056"]
[Source "ChessBase"]
[SourceDate "1997.02.01"]
[SourceVersion "1"]
[SourceVersionDate "1997.02.01"]
[SourceQuality "1"]

1. d4 Nf6 2. c4 e6 3. Nf3 d5 4. Nc3 Nbd7 5. Bg5 c6 6. e3 Qa5 7. Nd2 dxc4 8.
Bxf6 Nxf6 9. Nxc4 Qc7 10. Be2 Be7 (10... Nd5 11. O-O Nxc3 12. bxc3 c5 13. Ne5
Bd6 14. Bb5+ Ke7 15. f4 a6 16. Bd3 Bd7 17. Qh5 Be8 18. Qg4 Kf8 19. Rac1 Rd8 {
Lokvenc,J-Heinicke,H/Bad Harzburg 1938/0-1 (79)}) 11. O-O (11. a3 Nd5 12. Rc1
O-O 13. O-O Bd7 14. b4 Rfc8 15. Qb3 Qd8 16. Rfd1 Be8 17. Bf3 Rc7 18. Ne2 Bf8
19. g3 Qe7 20. Rc2 Rd8 21. Nc1 Nb6 22. Nd3 {1-0 Timman,J-Hort,V/Amsterdam IBM
1980 (58)}) 11... O-O 12. a3 (12. Qc2 Nd5 13. Rae1 b6 14. Rc1 Bb7 15. Rfd1 Rac8
16. Qd2 Nxc3 17. bxc3 c5 18. Ne5 cxd4 19. cxd4 Qd6 20. Bd3 Qa3 21. Rxc8 Rxc8
22. Qe2 g6 23. Nc4 Qa4 24. e4 Bxe4 {0-1 Hodges,A-Capablanca,J/New York 1915 
(43)}) 12... Rd8 13. b4 Bd7 14. Rc1 Be8 15. Qb3 Rac8 16. Rfd1 Qb8 17. Bf3 b6
18. h3 Bf8 19. Qb1 Nd5 20. Ne4 f6 21. Rd2 Bf7 22. Qb2 Qc7 23. Nc3 Qd7 24. Rcd1
Qc7 25. Rc1 Rb8 {[#]} 26. e4 Nf4 27. e5 f5 28. Ne2 Nxe2+ 29. Rxe2 Qd7 30. Nd6
Bxd6 31. Bxc6 Qe7 32. exd6 Qxd6 33. Rd2 $1 (33. Ba4 Qxd4 34. Rc7 a5 $15) (33.
Bf3 Qxd4 34. Rc7 a6 (34... a5 35. Qxd4 Rxd4 36. bxa5 bxa5 37. Ra7 Ra4 38. Re3
$132) 35. Qxd4 Rxd4 36. Ra7) 33... Rbc8 34. b5 Be8 35. Rdc2 Kf8 36. Bxe8 Rxc2
37. Qxc2 Kxe8 38. Qe2 Ke7 39. Rc6 Qd5 40. a4 Rd6 41. Qe5 $4 (41. Qe5 $4 Qxe5
42. dxe5 Rxc6 43. bxc6 Kd8 44. f4 Kc7 $19) (41. Rc7+ $11) 0-1

[Event "Yerevan Zonal"]
[Site "Yerevan"]
[Date "1981.02.??"]
[Round "11"]
[White "Vaganian, Rafael A"]
[Black "Jussupow, Artur"]
[Result "1/2-1/2"]
[WhiteElo "2565"]
[BlackElo "2575"]
[Annotator "Kharitonov,A"]
[PlyCount "81"]
[EventDate "1982.02.??"]
[EventType "tourn"]
[EventRounds "15"]
[EventCountry "URS"]
[EventCategory "12"]
[SourceTitle "MCL"]
[Source "ChessBase"]
[SourceDate "1999.07.01"]
[SourceVersion "1"]
[SourceVersionDate "1999.07.01"]
[SourceQuality "1"]

1. d4 d5 2. c4 c6 3. Nf3 Nf6 4. Nc3 e6 5. Bg5 Nbd7 6. e3 Qa5 7. Nd2 Bb4 (7...
dxc4 8. Bxf6 Nxf6 9. Nxc4 Qc7 10. Be2 (10. a3 c5 11. Nb5 Qb8 12. dxc5 Bxc5 13.
b4 Be7 14. Ncd6+ Bxd6 15. Nxd6+ Ke7 16. Nc4 $14 {Lerner,K-Smagin,S/URS(ch)/
1986/1:0 (41)}) 10... Be7 11. a3 Nd5 12. Rc1 O-O 13. O-O Bd7 14. b4 Rfc8 15.
Qb3 $14 {Timman,J-Hort,V/Amsterdam/1980/1:0 (58)}) 8. Qc2 O-O 9. Be2 e5 $5 10.
dxe5 Ne4 11. Ndxe4 (11. Ncxe4 $2 dxe4 12. a3 Nxe5 $36) 11... dxe4 12. O-O Bxc3
13. bxc3 (13. Qxc3 Qxc3 14. bxc3 Nxe5 $10) 13... Re8 (13... Qxe5 14. Bf4 Qe6
15. Rfd1 $14) 14. Rfd1 (14. Bf4 Nxe5 15. Qxe4 Bf5 16. Qd4 Rad8 17. Bxe5 Rxd4 (
17... Rxe5 18. Qh4 Rd2 19. Rfd1) 18. cxd4 Qd2 19. Bf3 $13 {Kharitonov,
A-Shabanov,Y/Kursk/1987/1:0 (40)}) 14... Nxe5 $5 (14... Qxe5 15. Bf4 Qf5 16.
Rd6 $16) 15. Qxe4 Be6 16. Bh4 (16. Bf4 $5 Ng6 (16... Bf5 17. Qd4 Rad8 18. Bxe5
Rxd4 19. cxd4 $13) 17. Bd6 Qxc3 18. Qd4 $14) 16... Qxc3 17. Rac1 Qa5 $13 18.
Qb1 b6 19. h3 (19. Bg3 Rad8 20. Rd4 $2 Rxd4 21. exd4 Nxc4 22. Bxc4 Bxc4 $19)
19... f6 20. f4 (20. Bg3 Rad8 $15) 20... Ng6 21. Bf2 Rad8 22. Bd3 Bf7 23. Qc2
Rd6 24. Be4 Qc5 (24... Red8 25. Rxd6 Rxd6 26. c5 $5 bxc5 27. Qxc5 Qxc5 28. Rxc5
Bxa2 29. Bxc6 $14) 25. Rxd6 Qxd6 26. Bf3 (26. c5 $5 bxc5 27. Qxc5 Qxc5 28. Rxc5
Bxa2 29. Bxc6 $14) 26... Qc5 $5 27. Qc3 (27. e4 Qa5 28. g3 Rd8 29. Rd1 Rxd1+
30. Bxd1 Qb4 31. Be2 Nf8 $132) 27... Rd8 28. a3 Nf8 $1 29. Qb4 (29. e4 Qe7 30.
c5 b5 31. e5 Bd5 $13) 29... Ne6 $10 30. Be4 Qd6 31. Bc2 Nc5 (31... Qd2 $2 32.
Qb1 h6 33. f5 Nc5 34. Rd1 $18) 32. Qb1 h6 33. Rd1 Qe7 34. Rd4 $2 (34. Rxd8+
Qxd8 35. Qb4 $10) 34... Ne6 (34... Rxd4 35. exd4 Ne6 36. Qc1 (36. g3 Qxa3 $17)
(36. f5 Nf4 $17) 36... Qd6 $17) 35. Rxd8+ Qxd8 36. Qb4 Nc5 37. Qc3 $10 Qd7 38.
e4 Qe6 (38... Ne6 39. Be3 c5 $10) 39. Bxc5 bxc5 40. Bd3 g5 (40... g5 41. fxg5
hxg5 $10) 41. fxg5 1/2-1/2

[Event "Amantea op"]
[Site "Amantea"]
[Date "1994.??.??"]
[Round "?"]
[White "Komarov, Dimitri"]
[Black "Smagin, Sergey"]
[Result "1-0"]
[WhiteElo "2565"]
[BlackElo "2540"]
[Annotator "Komarov,D"]
[PlyCount "61"]
[EventDate "1994.09.??"]
[EventType "swiss"]
[EventRounds "7"]
[EventCountry "ITA"]
[SourceTitle "EXT 2000"]
[Source "ChessBase"]
[SourceDate "1999.11.16"]
[SourceVersion "1"]
[SourceVersionDate "1999.11.16"]
[SourceQuality "1"]

1. d4 Nf6 2. Nf3 d5 3. c4 e6 4. Nc3 Nbd7 5. Bg5 c6 6. e3 Qa5 7. Nd2 Bb4 8. Qc2
O-O 9. Be2 e5 10. O-O exd4 11. Nb3 Qb6 12. exd4 (12. Nxd4 $6 dxc4 $6 13. Bh4
Qc5 14. Na4 Qa5 15. Bxc4 $1 c5 $2 16. Nb5 a6 17. Nd6 b5 18. a3 $1 bxc4 19. axb4
Qxb4 20. Qxc4 $14 {Van der Sterren,P-Yusupov,A/Munich/1994/0,5/47/}) 12... dxc4
13. Bxc4 Qc7 14. Nd2 Ng4 (14... Bd6 15. Nf3 (15. g3 $14) 15... Bf4 $10) 15. Nf3
Bd6 16. g3 Nb6 17. Bb3 Kh8 $5 18. Rfe1 (18. h3 $6 Nh6 19. Bxh6 gxh6 $40) 18...
f6 $6 (18... Bd7 $32) 19. Bd2 Bd7 20. Ne4 Bf5 (20... Rae8 21. Nxd6 Qxd6 22. h3
Nh6 23. Bf4 $16) 21. Nh4 Bd7 $6 (21... Bxe4 22. Rxe4 (22. Qxe4 f5 23. Qg2 $1
$16) 22... f5 23. Nxf5 Rxf5 (23... Nxf2 24. Rh4) 24. Rxg4 $16) 22. h3 $1 $18
Nh6 23. Nxd6 Qxd6 24. Bf4 Qb4 (24... Qxd4 25. Rad1 Qb4 26. a3 Qa5 27. Bxh6 $18)
25. a3 Qa5 (25... Qb5 26. Bxh6 gxh6 27. Re7 f5 28. a4 Qb4 29. Qc5 Qxb3 30. Qe5+
$18) 26. Bxh6 gxh6 27. Re7 f5 28. Qc5 $1 Qb5 29. Rxh7+ $1 Kxh7 30. Qe7+ Kh8 31.
Ng6# 1-0

[Event "Tata Steel-A 73rd"]
[Site "Wijk aan Zee"]
[Date "2011.01.25"]
[Round "9"]
[White "Aronian, Levon"]
[Black "Shirov, Alexei"]
[Result "1-0"]
[WhiteElo "2805"]
[BlackElo "2722"]
[Annotator "Krasenkow,M"]
[PlyCount "105"]
[EventDate "2011.01.14"]
[EventType "tourn"]
[EventRounds "13"]
[EventCountry "NED"]
[EventCategory "20"]
[SourceTitle "CBM 141"]
[Source "ChessBase"]
[SourceDate "2011.03.17"]
[SourceVersion "1"]
[SourceVersionDate "2011.03.17"]
[SourceQuality "1"]

1. d4 d5 2. c4 c6 3. Nf3 Nf6 4. Nc3 e6 5. Bg5 Nbd7 6. e3 Qa5 7. cxd5 Nxd5 8.
Qd2 Bb4 9. Rc1 h6 10. Bh4 c5 11. Bc4 $5 {A very rare move, instead of the
normal} (11. a3 {and}) (11. Bd3) 11... cxd4 ({Alexey Shirov faced the same
variation on the following day and didn't solve his problems either:} 11...
Nxc3 12. bxc3 Ba3 13. Rb1 a6 14. Be2 O-O 15. O-O b5 16. c4 $5 Bb4 $6 (16...
Qxd2 $142) 17. Qc2 Bb7 18. Rfd1 bxc4 19. dxc5 Nxc5 20. Rd4 $14 {1-0 Anand,V 
(2810)-Shirov,A (2722)/Wijk aan Zee NED 2011/The Week in Chess 847 (26)}) (
11... N7b6 $5 {looks logical but White kept some pressure in the stem game:}
12. Bxd5 Nxd5 13. a3 Bxc3 14. bxc3 Ne7 15. Bxe7 Kxe7 16. O-O Bd7 17. Ne5 Rhd8
18. Qe2 Be8 {1/2 Solak,D (2582)-Blagojevic,D (2549)/Herceg Novi 2005/CBM 106
ext (81)} 19. Qg4 $1 Kf8 20. Qe4 $36 {[%cal Re4h7,Re4b7]}) 12. Qxd4 $1 Bxc3+
13. bxc3 O-O 14. O-O N5b6 $6 {"Anti-development", after which Black faces
serious problems.} (14... b6 $142) 15. Bb3 Re8 16. Rfd1 Qh5 (16... Nc5 17. Bc2
$14) 17. Bg3 (17. e4 $5) 17... e5 18. Qb4 e4 19. Ne1 a5 20. Qd4 Nc5 21. Rb1
Nxb3 22. Qxb6 Nc5 23. c4 Be6 $1 {Black gives up some material to consolidate
his position.} (23... Nd7 24. Qd4 Ra6 25. Nc2 $14) 24. Rd5 $1 Bxd5 25. Qxc5
Red8 26. cxd5 Qxd5 27. Qc2 {It is well-known that the side with two pieces for
a rook should usually avoid the exchange of queens as rooks are more powerful
in endings.} (27. Qxd5 Rxd5 28. Rxb7 Rd2 {[%csl Ga5]}) 27... b5 $44 28. Qb2 b4
29. Be5 Qd2 $5 (29... f6 30. Bd4 {[%csl Gd4]}) 30. Qa1 (30. Bxg7 Qxb2 31. Bxb2
Rd2 $44) 30... Qe2 31. Bd4 Rab8 32. h3 f6 33. Rb2 Qb5 34. Qb1 Qd5 35. Qd1 Rbc8
36. Rd2 Qe6 37. Kh2 Rd7 38. g3 Rdc7 39. Bb2 $5 Qxa2 {Black accepts the
challenge hoping that his 2R+2P will not be weaker than White's Q+N. However,
he goes astray later on.} 40. Be5 Qxd2 $6 (40... Rc1 $1 {was much simpler:} 41.
Qxc1 Rxc1 42. Rxa2 fxe5 43. Rxa5 $1 Rxe1 44. Rb5 Rb1 45. Rxe5 b3 46. Rxe4 Rf1
47. Rb4 Rxf2+ 48. Kg1 Rb2 49. Rb7 $1 $11) 41. Qxd2 fxe5 42. Qd5+ (42. Qa2+ $142
Rf7 43. Kg1) 42... Rf7 43. Kg2 Rcf8 44. h4 Kh8 (44... a4 45. Nc2) 45. Qxe4
Rxf2+ 46. Kh3 b3 47. Nd3 b2 $1 48. Qb7 (48. Nxf2 Rxf2 {[%cal Rf2f1]} 49. Qd3 a4
{, and White must give a perpetual.}) 48... R8f7 $2 {[%mdl 8192]} (48... a4 $1
49. Nxb2 (49. Nxf2 Rxf2 {[%cal Ya4a3,Yf2f1]}) 49... a3 50. Nd3 a2 51. Qa6 Rd2
52. Nxe5 (52. Nb4 h5 53. Qa4 $5 Kh7 $1 54. Nxa2 Rff2 $11) 52... Rf6 53. Qc8+
Kh7 {, and the a2-pawn guarantees Black a draw.}) 49. Qb5 a4 50. Nxb2 a3 51.
Nd3 Rf1 (51... a2 {doesn't work now:} 52. Nxf2 Rxf2 (52... a1=Q 53. Qe8+ {
- that's the drawback of 48...R8f7 !}) 53. Qe8+ Kh7 54. Qxe5 $18 Rf1 $140 55.
Qe4+ Kh8 56. Qa8+) 52. Qa4 Rh1+ 53. Kg4 {It is impossible to make any
conclusion on 11.Bc4 after this game but this new line will obviously gain
popularity.} 1-0

[Event "Moscow Tal Memorial 5th"]
[Site "Moscow"]
[Date "2010.11.14"]
[Round "9"]
[White "Kramnik, Vladimir"]
[Black "Shirov, Alexei"]
[Result "1-0"]
[WhiteElo "2790"]
[BlackElo "2739"]
[Annotator "Krasenkow,M"]
[PlyCount "117"]
[EventDate "2010.11.05"]
[EventType "tourn"]
[EventRounds "9"]
[EventCountry "RUS"]
[EventCategory "21"]
[SourceTitle "CBM 139"]
[Source "ChessBase"]
[SourceDate "2010.11.18"]
[SourceVersion "1"]
[SourceVersionDate "2010.11.18"]
[SourceQuality "1"]

1. d4 d5 2. c4 c6 3. Nf3 Nf6 4. Nc3 e6 5. Bg5 Nbd7 6. e3 Qa5 7. cxd5 Nxd5 8.
Rc1 {A rare move. It can transpose into the main 8.Qd2 line but Vladimir
Kramnik's idea is different.} h6 (8... Bb4 9. a3 (9. Qd2 {leads to the main
theoretical line}) 9... Bxc3+ 10. bxc3 O-O $6 (10... Qxa3 {is similar to the
game}) 11. e4 N5f6 12. Bd3 h6 13. Bxf6 (13. Bh4 $5) 13... Nxf6 14. O-O Rd8 15.
Qe2 Nd7 16. e5 Qxa3 17. Nd2 Nf8 18. Ne4 $36 {1-0 Ghane Gardeh,S (2374)-Ataman,
A (2197)/Izmir 2003/EXT 2004 (28)}) 9. Bh4 Bb4 (9... Nxc3 10. bxc3 Qxa2 11. Bd3
$44) 10. a3 $5 {[%mdl 512]} Bxc3+ 11. bxc3 Qxa3 12. Qd2 b5 $1 {Preparing the
retreat ...Nd5-b6.} (12... O-O $6 13. e4 {leads to a well-known position
arising from the 8.Qd2 Bb4 9.Rc1 0-0 line, which is not good for Black.}) 13.
Bd3 O-O 14. O-O Bb7 15. c4 $5 bxc4 16. Bxc4 N5b6 17. Bd3 Rfc8 18. Bb1 c5 $1 {
Black has successfully solved his problems. White's compensation for the pawn
can only be enough for equality.} 19. dxc5 $6 (19. Be7 $5 {A possible line:}
Bxf3 20. gxf3 Nd5 21. Bd6 Rc6 22. dxc5 Rac8 23. e4 $1 Qxf3 (23... Nc7 $6) 24.
exd5 Rxd6 25. cxd6 Qg4+ $11) 19... Nxc5 20. Qd6 Qa4 (20... Nd5 $5 21. Nd4 (21.
Ne5 Qa6 $1) 21... a5 $17) 21. Nd4 Qd7 (21... Ne4 $5 22. Qe7 (22. Qe5 Nd2) 22...
Qd7 $15) 22. Qf4 $1 g5 $6 {An extremely unfortunate weakening.} (22... Qd5 23.
f3 e5 24. Qf5 g6 25. Qg4 h5 26. Qg3 exd4 27. Bxg6 fxg6 28. Qxg6+ Kf8 {is good
enough for a draw but Black can, of course, play for a win by means of}) (22...
Ba6 $1 23. Rfd1 Nd3 $1 24. Bxd3 Rxc1 25. Rxc1 Bxd3 26. Rc7 $140 $6 Rc8 $1) 23.
Qf6 $1 (23. Bxg5 {was also possible but less convincing:} Nd5 $1 (23... Qd5 $2
24. Bh7+ $3 $18) 24. Qe5 hxg5 25. Qxg5+ Kf8 26. e4 $44) 23... gxh4 24. Qxh6 f5
(24... Ne4 25. Rxc8+ Rxc8 26. f3 e5 27. fxe4 exd4 28. Ba2 Rc7 29. Rxf7 Qxf7 30.
Bxf7+ Rxf7 31. Qg6+ Kf8 32. exd4 $16 {_|_}) 25. Rxc5 $1 Rxc5 26. Nxe6 {[%csl
Rg8][%mdl 128] Black is temporarily a rook up but must gradually give back all
his material advantage. His defense is quite difficult due to the completely
exposed position of his king.} Rac8 27. Qg6+ Kh8 28. Qf6+ Kg8 29. Bxf5 Rxf5 30.
Qxf5 Bd5 (30... Qe7 $142 31. Qg6+ Kh8 32. Ng5 (32. e4 Rc6 $1) 32... Qg7 (32...
Rf8 $143 33. Rd1) 33. Qh5+ Kg8 34. Qxh4 Rc5 35. Ne4 Bxe4 36. Qxe4 $14 {Here,
at least, Black gets rid of White's annoying knight.}) 31. Qg5+ Kf7 32. Nf4 Bc4
33. Ra1 $1 {Not only attacking the a7-pawn but also creating the idea Ra1-a5
to bring this rook into his kingside attack.} Rg8 (33... Qe7 34. Qh5+ Kg8 35.
Ra5 $1 Bb5 36. h3 Rc5 37. Qg6+ Kh8 38. Qb1 $1 {[%cal Ra5b5,Rf4g6]} Be8 39. Qa1+
Kg8 40. Rxa7 $16) 34. Qh5+ Kf8 35. Qxh4 Bf7 36. h3 Rg7 37. Qh8+ Rg8 38. Qf6 Nd5
39. Qd4 $1 Qf5 40. Rxa7 {White has collected a fourth pawn for the piece and
easily converts his material advantage.} Nxf4 41. exf4 Qd5 42. Qb4+ Kg7 43. Qe7
Kh8 44. Qh4+ Qh5 45. Qf6+ Rg7 46. f5 $1 Kg8 47. Kh2 Qe2 48. Qd4 Qc4 49. Qxc4
Bxc4 50. Rxg7+ Kxg7 51. g4 Kf6 52. Kg3 Ke5 53. h4 Bd5 54. h5 Bb3 55. h6 Bg8 56.
Kh4 Kf6 57. f3 Bh7 58. Kh5 Bg8 59. g5+ 1-0